000 00742nam a2200253Ia 4500
003 OSt
005 20220925203743.0
006 a|||||r|||| 00| 0
007 ta
008 220923b |||||||| |||| 00| 0 eng d
037 _cGeneral Book
040 _aRTL
_cRTL
_beng
041 _2eng
_aeng
082 _aX:87, M1;M6
100 _aHalloran Jack
_9266980
245 0 _aSupersivion
_b The art of management
250 _a2nd
260 _aEnglewood
_bCliffs Prentice Hall
_c1986
300 _axvooo, 524p. Bibliography chapterwise
_ccm.
650 _aExecutive
_9233834
700 _a Frunzi George L.
_9266981
942 _hX:87, M1;M6
_cGB
_2CC
999 _c547684
_d547684